Normal view
MARC view
- Characterization of surface subsurface and their effect on fatigue lif after machining on aerospace grade aluminum alloy
Entry Uniform Title
001 - CONTROL NUMBER
- control field: 15096
003 - CONTROL NUMBER IDENTIFIER
- control field: NUST
005 - DATE AND TIME OF LATEST TRANSACTION
- control field: 20190619111121.0
008 - FIXED-LENGTH DATA ELEMENTS
- fixed length control field: 190619|| aca||aabn | a|a d
040 ## - CATALOGING SOURCE
- Original cataloging agency: NUST
- Transcribing agency: NUST
130 ## - HEADING--UNIFORM TITLE
- Uniform title: Characterization of surface subsurface and their effect on fatigue lif after machining on aerospace grade aluminum alloy
670 ## - SOURCE DATA FOUND
- Source citation: Work cat.: (NUST): Muhammad Jahanzeb Zia 15095, characterization fof surface subsurface and their effect on fatigue life after machining on aerospace grade aluminum alloy, 2017
